Normal view
MARC view
Entry Nombre personal
001 - NÚMERO DE CONTROL
- campo de control: 69531
003 - IDENTIFICADOR DEL NÚMERO DE CONTROL
- campo de control: BNPHU
005 - FECHA Y HORA DE LA ÚLTIMA TRANSACCIÓN
- campo de control: 20240305091129.0
008 - DATOS DE LONGITUD FIJA
- campo de control de longitud fija: 200615|| aca||aabn | a|a d
040 ## - FUENTE DE LA CATALOGACIÓN
- Centro catalogador/agencia de origen: DO-SdBNP
- Lengua de catalogación: spa
- Centro/agencia transcriptor: BNPHU
- Normas de descripción: rda
100 1# - ENCABEZAMIENTO-NOMBRE DE PERSONA
- Nombre de persona: Durán Núñez, Víctor Ml.,
- Fechas asociadas al nombre: 1964-
- Forma completa/desarrollada del nombre: (Víctor Manuel)
370 ## - LUGAR ASOCIADO
- Lugar de nacimiento: Santo Domingo (República Dominicana)
372 ## - CAMPO DE ACTIVIDAD
- Campo de actividad: Arquitecto
375 ## - GÉNERO/SEXO
- Género/Sexo: Masculino
378 ## - FORMA COMPLETA/DESARROLLADA DEL NOMBRE
- Forma completa/desarrollada del nombre: Víctor Manuel
400 1# - TRAZADO DE VÉASE--NOMBRE DE PERSONA
- Nombre de persona: Núñez, Víctor Ml. Durán |
- Fechas asociadas al nombre: 1964-
- Forma completa/desarrollada del nombre: (Víctor Manuel Durán)
670 ## - FUENTE DE DATOS ENCONTRADOS
- Cita de la fuente: Work cat.: (OSt)41901: Durán Núñez, Víctor Ml. 1964- (Víctor Manuel), Arquitectura popular dominicana. /, 2009.
